000 01260cam a22004097a 4500
001 6871
003 FISKH
005 20250604094110.0
008 101018s20092003nyua a 001 0 eng d
010 _a 2010513866
020 _a9780756656027 (hardcover)
020 _a9780756656010
020 _a0756656028 (hardcover)
020 _a9780756656010 (pbk.)
020 _a075665601X (pbk.)
040 _aON8
_cON8
_beng
050 _aQL125 .F57
082 _a591.77
100 _aAnonymous
245 0 0 _aFishy tales /
260 _aNew York :
_bDK Publishing,
_c2009.
300 _a32 pages :
_bcolor illustrations ;
_c23 cm
490 0 _aDK readers, pre-level 1, learning to read
500 _aPreviously published in 2003.
500 _aIncludes index.
505 _aE
520 _aIntroduces various creatures that live in or near a coral reef, including sea horses, starfish, and dolphins.
521 8 _a260
_bLexile estimate
521 8 _aE
_bRaz-Plus
650 0 _aCoral reef animals
_vJuvenile literature.
650 1 _aCoral reef animals.
650 1 _aCoral reefs and islands.
655 0 _aReaders (Elementary)
906 _a7
_bcbc
_ccopycat
_d2
_encip
_f20
_gy-gencatlg
942 _2ddc
_cBK
_n0
999 _c6871
_d6871